[Event "Superettan(Sollentuna-Schack 08)"]
[Site "?"]
[Date "2014.02.01"]
[Round "5"]
[White "Renman, Nils-Gustaf"]
[Black "Aroven, Mikael"]
[Result "1-0"]
[WhiteElo "2386"]
[BlackElo "2197"]
[PlyCount "93"]

1. d4 Nf6 2. Nf3 e6 3. c4 b6 4. g3 Ba6 5. Qc2 Bb4+ 6. Bd2 Bxd2+ 7. Nbxd2 O-O 8.
Bg2 d5 9. O-O c5 10. dxc5 bxc5 11. Rfe1 Nbd7 12. cxd5 exd5 13. e4 Bb7 14. exd5
Bxd5 15. Rad1 Rb8 16. Ne5 Nxe5 17. Rxe5 Bxa2 18. b3 c4 19. Qxa2 c3 20. Bf3 cxd2
21. Rxd2 Qb6 22. Rd3 Rfe8 23. Ra5 Re7 24. Kg2 h6 25. Qa4 Qc7 26. Qa3 Qc2 27.
Qxe7 Qxd3 28. b4 Qb3 29. Rxa7 Rxb4 30. Qd8+ Kh7 31. Qf8 Rb8 32. Qxf7 Qxf7 33.
Rxf7 Kg6 34. Ra7 Rd8 35. h4 Rd7 36. Ra5 Kf7 37. g4 Rc7 38. g5 Ne8 39. gxh6 gxh6
40. Bh5+ Kf8 41. Rf5+ Ke7 42. Re5+ Kf6 43. Rxe8 Rc5 44. Bf3 Ra5 45. Ra8 Rc5 46.
Ra6+ Kg7 47. Be4 1-0

[Event "Superettan(Sollentuna-Schack 08)"]
[Site "?"]
[Date "2014.02.01"]
[Round "5"]
[White "Kassani, Sam"]
[Black "Rosberg, Simon"]
[Result "0-1"]
[WhiteElo "2239"]
[BlackElo "2252"]
[PlyCount "82"]
[EventDate "2014.??.??"]

1. Nf3 d5 2. e3 Nf6 3. b3 g6 4. Bb2 Bg7 5. d4 O-O 6. Bd3 c5 7. Nbd2 Nc6 8. a3
Nd7 9. Ra2 e5 10. dxe5 Ndxe5 11. Nxe5 Nxe5 12. Be2 d4 13. exd4 cxd4 14. O-O Be6
15. Nf3 Nxf3+ 16. Bxf3 Qb6 17. a4 a5 18. Be4 Rfe8 19. Qf3 Re7 20. Raa1 Rae8 21.
Ba3 Bg4 22. Qxg4 Rxe4 23. Qd7 Re2 24. Rad1 Bf6 25. Rd2 Re1 26. g3 Qa6 27. Rd3
R1e2 28. Rd2 Re1 29. Rd3 R1e6 30. Bb2 Rd8 31. Qb5 Qa8 32. Rfd1 b6 33. c3 Rd5
34. Qc4 Rc5 35. cxd4 Rxc4 36. bxc4 Re2 37. Bc1 Qe8 38. Be3 Qxa4 39. d5 Qxc4 40.
Kf1 Rb2 41. d6 Rb3 0-1

[Event "Superettan(Sollentuna-Schack 08)"]
[Site "?"]
[Date "2014.02.01"]
[Round "5"]
[White "Schutz, Ingemar"]
[Black "Jakenberg, Jussi"]
[Result "1-0"]
[WhiteElo "2238"]
[BlackElo "2088"]
[PlyCount "83"]

1. e4 e5 2. Nf3 Nf6 3. d3 d6 4. Nbd2 g6 5. c3 Bg7 6. d4 O-O 7. Bd3 Nbd7 8. dxe5
Nxe5 9. Nxe5 dxe5 10. Nf3 Qd6 11. Qe2 b6 12. Bg5 Bb7 13. O-O-O Qc5 14. Nd2 a5
15. g4 a4 16. a3 Nd7 17. h4 h6 18. Be3 Qe7 19. f3 Nc5 20. Bc4 Rfd8 21. h5 g5
22. Nf1 Rxd1+ 23. Qxd1 Rd8 24. Qc2 Bc6 25. Ng3 Ne6 26. Nf5 Qd7 27. Bd5 Bb5 28.
Rd1 Bf8 29. Rd2 Qe8 30. Qd1 Rb8 31. Ba2 Kh7 32. Rd5 Nc5 33. Bxc5 Bxc5 34. Bb1
Bc6 35. Rd2 Qf8 36. Ba2 b5 37. Bd5 Bd7 38. Kb1 Be6 39. Rd3 Rd8 40. Bxe6 Rxd3
41. Qxd3 fxe6 42. Qd7+ 1-0

[Event "Superettan(Sollentuna-Schack 08)"]
[Site "?"]
[Date "2014.02.01"]
[Round "5"]
[White "Duenas, Alexis"]
[Black "Ottenklev, Niclas"]
[Result "0-1"]
[WhiteElo "2083"]
[BlackElo "2199"]
[PlyCount "44"]

1. d4 f5 2. Nf3 g6 3. g3 Nf6 4. Bg2 Bg7 5. O-O O-O 6. c4 d6 7. Nc3 Nc6 8. Rb1
e5 9. d5 Ne7 10. Ng5 c6 11. Qb3 h6 12. c5 hxg5 13. dxc6+ Kh8 14. cxb7 Rb8 15.
bxc8=Q Qxc8 16. Qa4 Qxc5 17. Bxg5 Rb4 18. Be3 Qxc3 19. bxc3 Rxa4 20. Rb7 Ned5
21. Rxa7 Rxa7 22. Bxa7 Ra8 0-1

[Event "Superettan(Sollentuna-Schack 08)"]
[Site "?"]
[Date "2014.02.01"]
[Round "5"]
[White "Stenman, Christoffer"]
[Black "Jansson Owen, Anders"]
[Result "1-0"]
[WhiteElo "2000"]
[BlackElo "2082"]
[PlyCount "135"]

1. e4 c5 2. Nc3 Nc6 3. g3 g6 4. Bg2 Bg7 5. d3 d6 6. f4 e6 7. Nf3 Nge7 8. O-O
O-O 9. Be3 b6 10. d4 d5 11. exd5 exd5 12. Bf2 Ba6 13. Re1 Qd6 14. dxc5 bxc5 15.
Ne4 Qc7 16. Nxc5 Bc8 17. c3 Rb8 18. Re2 Qd8 19. Nb3 Bg4 20. h3 Bf5 21. Nfd4 Bd7
22. Nxc6 Bxc6 23. Bxa7 Rb7 24. Bd4 Bb5 25. Rd2 Bc4 26. Nc5 Rc7 27. b3 Bb5 28.
Bxg7 Kxg7 29. b4 Qd6 30. a4 Bc4 31. Nd3 Nf5 32. g4 Ne3 33. Qf3 d4 34. Ne5 Bd5
35. Qf2 Nxg2 36. Rxd4 Qe6 37. c4 Ba8 38. c5 Rb8 39. Rd6 Qb3 40. b5 Qb4 41. Nd3
Qc3 42. Rc1 Qa3 43. Qd4+ Kg8 44. c6 Nh4 45. Rd8+ Rxd8 46. Qxd8+ Kg7 47. Qxc7
Qxd3 48. Qe5+ Kg8 49. Qc3 Qe4 50. Rc2 Nf3+ 51. Kf2 Nd4 52. Rb2 Qxf4+ 53. Ke1
Qe4+ 54. Kd1 Qh1+ 55. Kd2 Ne6 56. Rb4 Qg2+ 57. Kc1 Qf1+ 58. Kb2 Qe2+ 59. Ka3
Nc7 60. Rd4 Qe7+ 61. Kb2 Ne6 62. Rd7 Qh4 63. c7 Bb7 64. c8=Q+ Bxc8 65. Qxc8+
Kg7 66. Qc3+ Kg8 67. Qf3 Ng5 68. Qf6 1-0

[Event "Superettan(Sollentuna-Schack 08)"]
[Site "?"]
[Date "2014.02.01"]
[Round "5"]
[White "Stromback, Henrik"]
[Black "Faldt, Magnus"]
[Result "0-1"]
[WhiteElo "1876"]
[BlackElo "2159"]
[PlyCount "88"]

1. e4 c5 2. Nf3 Nc6 3. d4 cxd4 4. Nxd4 e6 5. Nb5 d6 6. c4 Nf6 7. N1c3 a6 8. Na3
Be7 9. Be2 Qc7 10. Be3 b6 11. O-O Bb7 12. Rc1 Nb8 13. f3 Nbd7 14. Qe1 O-O 15.
Qg3 Rfe8 16. Rfd1 Rac8 17. Nc2 Ne5 18. Na3 Kh8 19. Kh1 Ba8 20. Qf2 Ned7 21. Nc2
Qb8 22. Nd4 Bf8 23. Bf1 Ne5 24. b3 Ned7 25. Nde2 b5 26. cxb5 axb5 27. Ng3 b4
28. Na4 d5 29. exd5 Nxd5 30. Bd4 Qf4 31. Bc4 N7f6 32. Rc2 e5 33. Bxd5 Nxd5 34.
Rxc8 Rxc8 35. Bb2 f6 36. Qd2 Qxd2 37. Rxd2 Kg8 38. Kg1 Kf7 39. Ne4 g6 40. Kf2
Rc7 41. Ke1 Ke6 42. Re2 Be7 43. Nd2 Nf4 44. Re4 Bxe4 0-1

[Event "Superettan(Orebro-Solna)"]
[Site "?"]
[Date "2014.02.01"]
[Round "5"]
[White "Bergstrom, Christer"]
[Black "Gruvaeus, Curt"]
[Result "0-1"]
[WhiteElo "2377"]
[BlackElo "2334"]
[PlyCount "92"]

1. e4 g6 2. d4 Bg7 3. Nf3 d6 4. Bc4 a6 5. O-O e6 6. Re1 Ne7 7. Nc3 O-O 8. Bf4
c6 9. e5 d5 10. Bd3 Nd7 11. Ne2 c5 12. c3 b5 13. Qd2 Nc6 14. Bh6 b4 15. Bxg7
Kxg7 16. Nf4 bxc3 17. bxc3 Nb6 18. h4 f5 19. dxc5 Na4 20. Nd4 Qe8 21. Rab1 Nxc5
22. Rb6 Nd8 23. Re3 Kh8 24. Rg3 Rg8 25. h5 gxh5 26. Rxg8+ Qxg8 27. Nxh5 Nf7 28.
Nf6 Qd8 29. Rd6 Nxd6 30. Qh6 Qe7 31. exd6 Qg7 32. Qh4 Nxd3 33. Nh5 Qf8 34. Nxf5
e5 35. Ne7 Qxf2+ 36. Qxf2 Nxf2 37. Kxf2 Be6 38. Nc6 Rc8 39. Nxe5 Rf8+ 40. Ke3
Rf5 41. Kd4 Rxh5 42. d7 Rh4+ 43. Kc5 Bxd7 44. Nxd7 Rc4+ 45. Kxd5 Rxc3 46. Nc5
Ra3 0-1

[Event "Superettan(Orebro-Solna)"]
[Site "?"]
[Date "2014.02.01"]
[Round "5"]
[White "Drugge, Patrick"]
[Black "Jonsson, Mikael"]
[Result "1/2-1/2"]
[WhiteElo "2237"]
[BlackElo "2355"]
[PlyCount "74"]

1. e4 e5 2. Nf3 Nc6 3. Bc4 Nf6 4. Ng5 d5 5. exd5 Na5 6. Bb5+ c6 7. dxc6 bxc6 8.
Qf3 Rb8 9. Bd3 h6 10. Ne4 Nd5 11. O-O Nf4 12. Re1 Be7 13. Bf1 O-O 14. Ng3 Ng6
15. Nf5 Bg5 16. b3 e4 17. Qxe4 Qf6 18. Ng3 Qxa1 19. Nc3 Be7 20. Ba3 Qxe1 21.
Qxe1 Bxa3 22. Qe3 Be6 23. Bd3 Rfe8 24. Qxa7 Ra8 25. Qd4 c5 26. Qd6 c4 27. Qxa3
cxd3 28. Qb2 Bxb3 29. axb3 Re1+ 30. Nf1 Nf4 31. f3 Nc4 32. bxc4 Raa1 33. Kf2
Rxf1+ 34. Kg3 Ne2+ 35. Kh3 Nf4+ 36. Kg3 Ne2+ 37. Kh3 Nf4+ 1/2-1/2

[Event "Superettan(Orebro-Solna)"]
[Site "?"]
[Date "2014.02.01"]
[Round "5"]
[White "Landgren, Andreas"]
[Black "Zetterberg, Staffan"]
[Result "1/2-1/2"]
[WhiteElo "2285"]
[BlackElo "2298"]
[PlyCount "138"]

1. d4 Nf6 2. c4 c5 3. d5 b5 4. cxb5 a6 5. bxa6 g6 6. Nc3 Bxa6 7. g3 d6 8. Bg2
Bg7 9. Nf3 Nbd7 10. Rb1 Qa5 11. Bd2 Nb6 12. b3 Qa3 13. O-O O-O 14. Ne1 Bb7 15.
e4 Qa6 16. Nc2 e6 17. dxe6 fxe6 18. Re1 d5 19. e5 Nfd7 20. f4 d4 21. Bf1 Qa7
22. Nb5 Qb8 23. a4 Nd5 24. Bh3 Re8 25. Nd6 Re7 26. Na3 Bc6 27. Nac4 Nb4 28.
Bxb4 Qxb4 29. Qd2 Qxd2 30. Nxd2 g5 31. fxg5 Nxe5 32. N6e4 Nd7 33. Rbc1 d3 34.
Bf1 Bd4+ 35. Kg2 Ne5 36. h4 Rf8 37. Kh3 Nf3 38. Nxf3 Rxf3 39. Bg2 Bxe4 40. Rxe4
d2 41. Rd1 Rxb3 42. Rxd2 Kg7 43. Ra2 e5 44. Bf1 Rb4 45. h5 c4 46. a5 Ra7 47. a6
c3 48. Bd3 Rb2 49. h6+ Kg8 50. Re2 Rc7 51. a7 Rxa2 52. Rxa2 Rxa7 53. Rxa7 Bxa7
54. Kg4 e4 55. Bxe4 Bf2 56. Kf4 Bd4 57. Bc2 Bc5 58. g4 Kh8 59. Bb3 c2 60. Bxc2
Bd6+ 61. Kf5 Ba3 62. Kf6 Bc1 63. Bd3 Bd2 64. Bxh7 Kxh7 65. g6+ Kxh6 66. g5+ Kh5
67. g7 Bc3+ 68. Kf7 Bxg7 69. Kxg7 Kxg5 1/2-1/2

[Event "Superettan(Orebro-Solna)"]
[Site "?"]
[Date "2014.02.01"]
[Round "5"]
[White "Jonsson, Krister"]
[Black "Karlsson, Tomas"]
[Result "1-0"]
[WhiteElo "2141"]
[BlackElo "2329"]
[PlyCount "95"]

1. d4 e6 2. g3 d5 3. c4 Nf6 4. Nf3 Be7 5. Bg2 O-O 6. O-O dxc4 7. Qc2 a6 8. Qxc4
b5 9. Qc2 Bb7 10. Bf4 Bd6 11. Nbd2 Nbd7 12. Rac1 Rc8 13. Nb3 Be4 14. Qd2 Qe7
15. Bxd6 cxd6 16. Qa5 Nb8 17. Rxc8 Rxc8 18. Rc1 Qb7 19. Rxc8+ Qxc8 20. Nfd2
Bxg2 21. Kxg2 g6 22. e4 Kg7 23. Qc3 Qxc3 24. bxc3 Nbd7 25. Kf3 Nb6 26. Na5 d5
27. e5 Nfd7 28. Ke3 Kf8 29. Kd3 Nb8 30. Ndb3 Nc4 31. Kc2 Nxa5 32. Nxa5 Ke7 33.
Kb3 f6 34. f4 fxe5 35. fxe5 Nd7 36. Nc6+ Ke8 37. Kb4 Nb6 38. Nb8 Nc4 39. Nxa6
Ne3 40. h3 h5 41. Nc5 Ke7 42. Kxb5 Nd1 43. a4 Nxc3+ 44. Kb4 Ne2 45. a5 Nxd4 46.
a6 Kd8 47. Ka5 Kc7 48. a7 1-0

[Event "Superettan(Orebro-Solna)"]
[Site "?"]
[Date "2014.02.01"]
[Round "5"]
[White "Steneskog, Per"]
[Black "Selimian, Hrayr"]
[Result "1-0"]
[WhiteElo "2266"]
[BlackElo "2090"]
[PlyCount "65"]

1. d4 Nf6 2. c4 e6 3. Nc3 Bb4 4. Bg5 h6 5. Bh4 c5 6. d5 e5 7. e3 d6 8. Bd3 Nbd7
9. Nge2 Nf8 10. Qc2 Bg4 11. f3 Bd7 12. O-O-O Bxc3 13. Nxc3 g5 14. Bf2 a6 15. h4
g4 16. h5 Qb8 17. f4 b5 18. fxe5 dxe5 19. Bg3 bxc4 20. Bxc4 Bb5 21. Ne4 N6d7
22. Rhf1 Rh7 23. Kb1 Qb6 24. Bh4 Rb8 25. Rd2 Rg7 26. Nf6+ Nxf6 27. Bxf6 Bxc4
28. Qxc4 Rg8 29. Bxe5 Rb7 30. Rf6 Qb4 31. Qxb4 Rxb4 32. Rxa6 Rg5 33. Bf4 1-0

[Event "Superettan(Orebro-Solna)"]
[Site "?"]
[Date "2014.02.01"]
[Round "5"]
[White "Skoog, Daniel"]
[Black "Johansson, Gunnar"]
[Result "0-1"]
[WhiteElo "1946"]
[BlackElo "2291"]
[PlyCount "70"]

1. Nf3 d5 2. d4 e6 3. c4 c6 4. Nc3 Nf6 5. e3 Nbd7 6. Qc2 b6 7. Bd3 Bb7 8. O-O
Be7 9. b3 O-O 10. Bb2 h6 11. Rfe1 Qc7 12. Rac1 Rac8 13. Qb1 Qb8 14. a3 Rfe8 15.
Qa2 Bd6 16. cxd5 exd5 17. b4 Rcd8 18. e4 dxe4 19. Nxe4 Nxe4 20. Bxe4 Bf4 21.
Bg6 Rf8 22. Rc2 Qd6 23. Bf5 c5 24. Bxd7 Qxd7 25. Qb3 Bd5 26. Qc3 cxb4 27. axb4
Rc8 28. Qd3 Rxc2 29. Qxc2 Bxf3 30. gxf3 Qh3 31. Re4 Bxh2+ 32. Kh1 Rc8 33. Bc3
f5 34. Qa2+ Kh7 35. Re3 Bf4+ 0-1

[Event "Superettan(Orebro-Solna)"]
[Site "?"]
[Date "2014.02.01"]
[Round "5"]
[White "Lundvik, Jonas"]
[Black "Sparv, Joakim"]
[Result "1-0"]
[WhiteElo "2238"]
[BlackElo "1975"]
[PlyCount "65"]

1. d4 d5 2. c4 dxc4 3. Qa4+ Nd7 4. e4 c6 5. Qxc4 Ngf6 6. e5 Nb6 7. Qc2 Nfd5 8.
Bd2 g6 9. Bd3 Be6 10. Ne2 Bg7 11. O-O Qd7 12. a3 O-O 13. Nbc3 Nxc3 14. bxc3 Bc4
15. f4 f5 16. a4 Qd5 17. Rfb1 Rab8 18. a5 Nd7 19. Ra4 Bxd3 20. Qxd3 Nc5 21. c4
Qd8 22. Qc2 Nxa4 23. Qxa4 e6 24. Bb4 b5 25. Qa2 a6 26. Bxf8 Kxf8 27. cxb5 Rxb5
28. Rxb5 cxb5 29. Qxe6 Qxa5 30. Kf2 b4 31. Qc8+ Ke7 32. Qb7+ Kf8 33. e6 1-0

[Event "Superettan(Orebro-Solna)"]
[Site "?"]
[Date "2014.02.01"]
[Round "5"]
[White "Schuurman, Joel"]
[Black "Lindborg, Petter"]
[Result "0-1"]
[WhiteElo "1618"]
[BlackElo "2246"]
[PlyCount "66"]

1. e4 e6 2. d4 d5 3. Nc3 Bb4 4. e5 Ne7 5. Nf3 c5 6. a3 Bxc3+ 7. bxc3 Qc7 8. Be2
b6 9. O-O Ba6 10. a4 Bxe2 11. Qxe2 O-O 12. Ba3 Nd7 13. Ne1 Rfe8 14. f4 cxd4 15.
Bxe7 Rxe7 16. cxd4 Rc8 17. Ra3 f6 18. Qd3 Rf7 19. Rf2 Qc4 20. g3 Qb4 21. Rd2
Rc4 22. Ra1 Qa5 23. f5 Re7 24. fxe6 Rxe6 25. Rf2 fxe5 26. Qf5 Re7 27. Nd3 Rc6
28. dxe5 Rce6 29. Raf1 h6 30. Qh5 Qxa4 31. g4 Qe4 32. Rf4 Qg6 33. Qh3 Nxe5 0-1

[Event "Superettan(Manhem II-Kamraterna)"]
[Site "?"]
[Date "2014.02.01"]
[Round "5"]
[White "Andreasson, Ingvar"]
[Black "Andersson, Goran"]
[Result "1-0"]
[WhiteElo "2412"]
[BlackElo "2234"]
[PlyCount "107"]

1. c4 c5 2. Nc3 g6 3. g3 Bg7 4. Bg2 Nc6 5. d3 e5 6. a3 a5 7. h4 h6 8. Nd5 Nge7
9. Rb1 d6 10. Nxe7 Qxe7 11. e3 O-O 12. Ne2 f5 13. Nc3 Be6 14. Nd5 Qf7 15. f4
Rab8 16. h5 Kh7 17. hxg6+ Qxg6 18. Kf2 Rg8 19. Qh5 Bf7 20. Qxg6+ Bxg6 21. Bd2
Rge8 22. Bc3 Re6 23. Bf3 Rf8 24. Rhc1 Rf7 25. b4 axb4 26. axb4 cxb4 27. Bxb4 e4
28. dxe4 fxe4 29. Bg4 Bf5 30. Bxf5+ Rxf5 31. Bc3 Rf7 32. Bxg7 Kxg7 33. Ke2 Rg6
34. Rg1 Rg4 35. Nc3 Re7 36. Rb5 Rg6 37. g4 Kh7 38. Nd5 Rf7 39. Nc3 Re7 40. Kf2
Nd8 41. Nd5 Rf7 42. Ke2 Kg7 43. Nc3 Re7 44. Nd5 Rf7 45. Rbb1 Kf8 46. Ra1 Ke8
47. Kd2 Kd7 48. Ra8 Rg8 49. Kc3 Ke6 50. Rh1 Rh8 51. g5 b5 52. g6 Rg7 53. Rh5
Rhg8 54. f5+ 1-0

[Event "Superettan(Manhem II-Kamraterna)"]
[Site "?"]
[Date "2014.02.01"]
[Round "5"]
[White "Outgajjouft, Said"]
[Black "Hamark, Jesper"]
[Result "0-1"]
[WhiteElo "2172"]
[BlackElo "2408"]
[PlyCount "79"]

1. e4 d6 2. d4 Nf6 3. Nc3 g6 4. h3 Bg7 5. Be3 a6 6. Bd3 O-O 7. Qd2 b5 8. f3
Nbd7 9. Nce2 Bb7 10. Bh6 e5 11. c3 d5 12. exd5 Bxd5 13. h4 Qe7 14. h5 c5 15.
Bxg7 Kxg7 16. hxg6 fxg6 17. Qg5 exd4 18. cxd4 cxd4 19. Kf1 Ne5 20. Nxd4 Kh8 21.
Be2 Rae8 22. Rh4 Bc4 23. b3 Bg8 24. Rc1 Qd6 25. Nh3 Nh5 26. Kf2 Nf7 27. Qg4 Nh6
28. Qg5 Nf5 29. Nxf5 Rxf5 30. Qg4 Rfe5 31. Rc2 Qe7 32. Qd4 Nf6 33. Bf1 Rd5 34.
Qc3 g5 35. Re4 Qg7 36. Rxe8 Nxe8 37. Qxg7+ Kxg7 38. Ke2 Be6 39. Nf2 Bf5 40. Ne4
0-1

[Event "Superettan(Manhem II-Kamraterna)"]
[Site "?"]
[Date "2014.02.01"]
[Round "5"]
[White "Svensson, Bengt"]
[Black "Bengtsson, Jonas"]
[Result "1-0"]
[WhiteElo "2399"]
[BlackElo "2162"]
[PlyCount "71"]

1. e4 c5 2. Nf3 e6 3. d4 cxd4 4. Nxd4 Nf6 5. Nc3 d6 6. f4 a6 7. Be2 Be7 8. O-O
O-O 9. Be3 Qc7 10. a4 Nc6 11. Kh1 Re8 12. Bf3 Na5 13. Qe2 Nc4 14. Bc1 e5 15.
fxe5 Nxe5 16. Nf5 Bxf5 17. exf5 Nxf3 18. Qxf3 h6 19. Be3 Qc6 20. Qg3 Kh7 21.
Bd4 d5 22. Rad1 Bd6 23. Qf3 Be5 24. Rd3 Bxd4 25. Rxd4 Re5 26. Qd3 Rae8 27. Qd2
Qc5 28. h3 Ne4 29. Nxe4 dxe4 30. f6 e3 31. Qd3+ g6 32. Rd7 Kg8 33. Rxf7 Rf5 34.
Rg7+ Kf8 35. Rxf5 gxf5 36. Qb3 1-0

[Event "Superettan(Manhem II-Kamraterna)"]
[Site "?"]
[Date "2014.02.01"]
[Round "5"]
[White "Aira, Johannes"]
[Black "Svenn, Matti"]
[Result "0-1"]
[WhiteElo "2152"]
[BlackElo "2219"]
[PlyCount "64"]

1. e4 c5 2. b4 cxb4 3. Nf3 d5 4. exd5 Qxd5 5. c4 Qd8 6. d4 e6 7. Bd3 Nf6 8. O-O
Be7 9. Bb2 O-O 10. Ne5 Nc6 11. Re1 g6 12. Nxc6 bxc6 13. Qf3 Ne8 14. Nd2 Bf6 15.
Re5 Bg7 16. Rae1 Nf6 17. h4 Nd7 18. Ne4 Qxh4 19. Nd6 Qe7 20. Qxc6 Nxe5 21. dxe5
Rb8 22. c5 Bb7 23. Qa4 Qg5 24. c6 Qd2 25. Re3 Bxc6 26. Qxc6 Qxb2 27. Qe4 Qxe5
28. Qxe5 Bxe5 29. Nxf7 Bf4 30. Ne5 Bxe3 31. fxe3 Rbc8 32. Bc4 Rxc4 0-1

[Event "Superettan(Manhem II-Kamraterna)"]
[Site "?"]
[Date "2014.02.01"]
[Round "5"]
[White "Madebrink, Lars"]
[Black "Stankevica, Galina"]
[Result "1-0"]
[WhiteElo "2219"]
[BlackElo "2104"]
[PlyCount "109"]

1. d4 Nf6 2. c4 e5 3. dxe5 Ng4 4. Nh3 Nxe5 5. e3 Bb4+ 6. Nd2 d6 7. Nf4 Bf5 8.
Be2 Nbd7 9. O-O Nb6 10. a3 Bxd2 11. Bxd2 Qd7 12. b3 Ng6 13. Nh5 O-O 14. Bc3 f6
15. Ng3 Ne5 16. f4 Nc6 17. e4 Bg6 18. Bg4 Qe7 19. Re1 Rad8 20. Qf3 Nd7 21. Rad1
Rfe8 22. Nf5 Qf7 23. Nd4 Nxd4 24. Bxd4 Qe7 25. Qh3 Bxe4 26. Rxe4 Qxe4 27. Bxd7
Qe2 28. Rf1 Rf8 29. Be6+ Kh8 30. Bf5 h6 31. Bd3 Qe8 32. Qf5 g6 33. Qxg6 Qxg6
34. Bxg6 Kg7 35. f5 b6 36. Re1 c5 37. Re7+ Kg8 38. Be3 d5 39. Bxh6 dxc4 40.
bxc4 Rd1+ 41. Kf2 Rfd8 42. Rxa7 R1d7 43. Ra6 Rb8 44. Bf4 Rbb7 45. Be3 Rd3 46.
Bh6 Rb8 47. Ra7 Rd4 48. Be3 Rd3 49. Bf7+ Kh8 50. Bd5 b5 51. Ke2 bxc4 52. Bxc4
Rxe3+ 53. Kxe3 Rb3+ 54. Bxb3 c4 55. Bc2 1-0

[Event "Superettan(Manhem II-Kamraterna)"]
[Site "?"]
[Date "2014.02.01"]
[Round "5"]
[White "Bengtsson, Jessica"]
[Black "Borvander, Tom"]
[Result "0-1"]
[WhiteElo "2100"]
[BlackElo "2214"]
[PlyCount "66"]

1. e4 e5 2. Nf3 Nc6 3. Bb5 a6 4. Bxc6 dxc6 5. O-O Qd6 6. d4 exd4 7. Nxd4 Bd7 8.
Be3 O-O-O 9. Nc3 Nh6 10. f3 Qg6 11. Qe2 Bd6 12. a4 Rhe8 13. Qf2 Qh5 14. h3 Kb8
15. b4 Bxb4 16. Nce2 Bd6 17. Rfb1 f5 18. exf5 Nxf5 19. Nxf5 Qxf5 20. Bd4 c5 21.
Bc3 Qg6 22. Kf1 Bf5 23. Rb2 Bxc2 24. Kg1 Bf5 25. Qh4 Qf7 26. Rd2 Rd7 27. Qf2
Rde7 28. Ng3 Bg6 29. Nf1 Qc4 30. Ra3 Bf4 31. Rb2 Re2 32. Rxe2 Rxe2 33. Nd2 Bxd2
0-1

[Event "Superettan(Manhem II-Kamraterna)"]
[Site "?"]
[Date "2014.02.01"]
[Round "5"]
[White "Andersson, Johan"]
[Black "Bergre, Joachim"]
[Result "1/2-1/2"]
[WhiteElo "2214"]
[BlackElo "2035"]
[PlyCount "43"]

1. e4 d6 2. d4 g6 3. Nc3 Bg7 4. Be3 a6 5. Qd2 b5 6. a4 b4 7. Nd1 a5 8. c3 bxc3
9. bxc3 Nf6 10. f3 O-O 11. Bd3 Ba6 12. Nf2 Nbd7 13. Ne2 Nb6 14. Bxa6 Rxa6 15.
Qd3 Ra8 16. d5 Nfd7 17. f4 Qe8 18. Ra2 e6 19. c4 Nc5 20. Bxc5 dxc5 21. Qc2 Qe7
22. O-O 1/2-1/2

[Event "Superettan(Manhem II-Kamraterna)"]
[Site "?"]
[Date "2014.02.01"]
[Round "5"]
[White "Larsson, Dan"]
[Black "Eriksson, Magnus"]
[Result "0-1"]
[WhiteElo "2092"]
[BlackElo "2127"]
[PlyCount "66"]

1. e4 c5 2. Nf3 Nc6 3. d4 cxd4 4. Nxd4 g6 5. Nc3 Bg7 6. Be3 Nf6 7. Bc4 Qa5 8.
Nb3 Qb4 9. Bd3 Nxe4 10. Bxe4 Bxc3+ 11. bxc3 Qxe4 12. O-O O-O 13. Nd4 b6 14. Re1
Qd5 15. Nxc6 Qxc6 16. Bd4 Re8 17. Qd2 d6 18. f4 f6 19. Bf2 Bf5 20. Re3 Rac8 21.
Rae1 Kf7 22. Qe2 Rc7 23. g4 Bc8 24. Kf1 Bb7 25. Bg1 Qa4 26. Qf2 Qc4+ 27. R1e2
Ba6 28. Qh4 Qxf4+ 29. Kg2 h5 30. Rf2 Bb7+ 31. Kf1 Ba6+ 32. Kg2 Qxg4+ 33. Qxg4
hxg4 0-1

[Event "Superettan(Kamraterna-Manhem I)"]
[Site "?"]
[Date "2014.02.22"]
[Round "6"]
[White "Winsnes, Rikard"]
[Black "Svenn, Gosta"]
[Result "1/2-1/2"]
[WhiteElo "2486"]
[BlackElo "2338"]
[PlyCount "27"]
[SourceDate "2014.02.26"]

1. e4 e6 2. d4 d5 3. Nd2 c5 4. exd5 exd5 5. Ngf3 Nf6 6. Bb5+ Bd7 7. Be2 Nc6 8.
O-O Be7 9. dxc5 Bxc5 10. Nb3 Bb6 11. Bg5 O-O 12. Nbd4 Bg4 13. c3 Re8 14. Qd3
1/2-1/2

[Event "Superettan(Kamraterna-Manhem I)"]
[Site "?"]
[Date "2014.02.22"]
[Round "6"]
[White "Hamark, Jesper"]
[Black "Welin, Mats"]
[Result "1/2-1/2"]
[WhiteElo "2408"]
[BlackElo "2392"]
[PlyCount "27"]

1. Nf3 d5 2. d4 Nf6 3. c4 e6 4. Nc3 Be7 5. Qc2 c5 6. cxd5 cxd4 7. Nxd4 O-O 8.
Bg5 Nxd5 9. Bxe7 Qxe7 10. Nxd5 exd5 11. e3 Nc6 12. Nxc6 bxc6 13. Bd3 Qb4+ 14.
Qc3 1/2-1/2

[Event "Superettan(Kamraterna-Manhem I)"]
[Site "?"]
[Date "2014.02.22"]
[Round "6"]
[White "Moberg, Karl Johan"]
[Black "Svensson, Bengt"]
[Result "1/2-1/2"]
[WhiteElo "2344"]
[BlackElo "2399"]
[PlyCount "44"]

1. d4 d5 2. c4 dxc4 3. e4 e5 4. Nf3 exd4 5. Bxc4 Bb4+ 6. Nbd2 Nc6 7. O-O Nf6 8.
e5 Nd5 9. Nb3 Nb6 10. Bb5 Qd5 11. Bxc6+ Qxc6 12. Bd2 Be7 13. Rc1 Qg6 14. Nfxd4
Nd5 15. f4 Bg4 16. Qe1 Bf5 17. Rf3 O-O-O 18. Nxf5 Qxf5 19. Nd4 Qg6 20. e6 fxe6
21. Qxe6+ Qxe6 22. Nxe6 Rd7 1/2-1/2

[Event "Superettan(Kamraterna-Manhem I)"]
[Site "?"]
[Date "2014.02.22"]
[Round "6"]
[White "Madebrink, Lars"]
[Black "Akesson, Joel"]
[Result "1/2-1/2"]
[WhiteElo "2219"]
[BlackElo "2350"]
[PlyCount "52"]

1. c4 Nf6 2. Nc3 c5 3. Nf3 b6 4. g3 Bb7 5. Bg2 e6 6. O-O Be7 7. d4 cxd4 8. Qxd4
d6 9. b3 O-O 10. Bb2 a6 11. Rfd1 Qc7 12. Ba3 Rd8 13. Rac1 Ne8 14. Ne4 h6 15.
Ne1 Nc6 16. Qe3 b5 17. Nd2 b4 18. Bb2 Bg5 19. Qd3 Ne5 20. Qc2 Nd7 21. Bxb7 Qxb7
22. Nef3 Bf6 23. Nd4 Rac8 24. Qe4 Qb6 25. N2f3 Nc5 26. Qb1 Qb7 1/2-1/2

[Event "Superettan(Kamraterna-Manhem I)"]
[Site "?"]
[Date "2014.02.22"]
[Round "6"]
[White "Hultin, Johan"]
[Black "Svenn, Matti"]
[Result "1-0"]
[WhiteElo "2377"]
[BlackElo "2219"]
[PlyCount "123"]

1. d4 d5 2. c4 e6 3. Nc3 Be7 4. cxd5 exd5 5. Bf4 c6 6. e3 Bd6 7. Bxd6 Qxd6 8.
Bd3 Ne7 9. Qb1 g6 10. b4 Bf5 11. b5 Bxd3 12. Qxd3 Nd7 13. Nge2 O-O 14. O-O c5
15. dxc5 Nxc5 16. Qd4 Ne6 17. Qf6 Rfd8 18. Rad1 Nc7 19. Qf3 Qc5 20. Rb1 b6 21.
Rfd1 a6 22. bxa6 Rxa6 23. h4 b5 24. Ne4 Qb6 25. h5 Rf8 26. N4c3 b4 27. Qf4 Rb8
28. h6 Qd6 29. g4 Qxf4 30. Nxf4 Rba8 31. Ncxd5 Nexd5 32. Nxd5 Nxd5 33. Rxd5
Rxa2 34. Rxb4 Rf8 35. Rb7 Ra6 36. Kg2 Rf6 37. Kg3 Re6 38. g5 Ree8 39. Rc5 Re6
40. Ra5 Ree8 41. Ra3 Re6 42. f3 Re5 43. Kg4 Re6 44. e4 Rc8 45. Raa7 Rf8 46. Re7
Rb6 47. Rac7 Ra6 48. e5 Rb6 49. Red7 Re6 50. f4 Ree8 51. Kf3 Re6 52. Ke4 Ree8
53. Kd5 Ra8 54. Kd4 Rae8 55. Kc5 Re6 56. Re7 Rxe7 57. Rxe7 Ra8 58. Rc7 Kf8 59.
Kd4 Rd8+ 60. Ke4 Kg8 61. Rb7 Kf8 62. e6 1-0

[Event "Superettan(Kamraterna-Manhem I)"]
[Site "?"]
[Date "2014.02.22"]
[Round "6"]
[White "Borvander, Tom"]
[Black "Berggren Torell, Harald"]
[Result "1/2-1/2"]
[WhiteElo "2214"]
[BlackElo "2219"]
[PlyCount "86"]

1. d4 d6 2. Nf3 g6 3. c4 Bg7 4. g3 Nf6 5. Bg2 O-O 6. O-O Nc6 7. Nc3 Rb8 8. h3
Bd7 9. e4 e5 10. Be3 exd4 11. Nxd4 Qc8 12. Kh2 Ne5 13. Qe2 a6 14. Rfd1 c5 15.
Nf3 Nxf3+ 16. Qxf3 Re8 17. Rxd6 Ng4+ 18. Kg1 Nxe3 19. Qxe3 Bxh3 20. Rd2 Bxg2
21. Kxg2 Bxc3 22. bxc3 Qe6 23. Rd5 Qxe4+ 24. Qxe4 Rxe4 25. Rxc5 Re2 26. Rd1
Rxa2 27. Rd7 Rc2 28. Rcc7 Rf8 29. Rxb7 Rxc3 30. Rdc7 Kg7 31. Ra7 Ra3 32. Rc6 a5
33. Rc5 a4 34. Rca5 Rc8 35. Rxa4 Rc3 36. Rb4 R3xc4 37. Rbb7 Rf8 38. Rc7 Rb4 39.
Rcb7 Rc4 40. Rc7 Rd4 41. Rd7 Rg4 42. f4 h5 43. Kf3 Kg8 1/2-1/2